| 000 | 01735cam a22003734a 4500 | ||
|---|---|---|---|
| 001 | 12643009 | ||
| 003 | OSt | ||
| 005 | 20140310181725.0 | ||
| 008 | 020112s2002 paua b 000 0 eng | ||
| 010 | _a 2002100441 | ||
| 020 | _a076241698X | ||
| 035 | _a(DLC) 2002100441 | ||
| 040 |
_aDLC _cDLC _dDLC |
||
| 041 | 1 |
_aeng _hmul |
|
| 042 | _apcc | ||
| 050 | 0 | 0 |
_aQC 19 _b.H392 2002 |
| 082 | 0 | 0 |
_aIB 520.22 _bH31 2002 |
| 245 | 0 | 0 |
_aOn the shoulders of giants : _bthe great works of physics and astronomy / _cedited, with commentary, by Stephen Hawking. |
| 260 |
_aPhiladelphia, Pennsylvania : _bRunning Press Book Publishers, _cc2002. |
||
| 300 |
_axiii, 1264 p. : _bill. ; _c23 cm. |
||
| 504 | _aIncludes bibliographical references. | ||
| 505 | 0 | _aNicolaus Copernicus (1473-1543): His life and work; On the revolution of heavenly spheres -- Galileo Galilei (1564-1642): His life and work; Dialogues concerning two sciences -- Johannes Kepler (1571-1630): His life and work; Harmony of the world, Book 5 -- Sir Isaac Newton (1643-1727): His life and work; Principia --- Albert Einstein (1879-1955): His life and work; Selections from The principle of relativity. | |
| 521 | _aIB Students | ||
| 541 | _j1 | ||
| 562 | _e1 | ||
| 650 | 0 | _aPhysics. | |
| 650 | 0 | _aAstronomy. | |
| 700 | 1 |
_aHawking, S. W. _q(Stephen W.) |
|
| 856 | 4 | 1 |
_3Table of contents _uhttp://www.loc.gov/catdir/toc/fy036/2002100441.html |
| 856 | 4 | 2 |
_3Publisher description _uhttp://www.loc.gov/catdir/enhancements/fy0832/2002100441-d.html |
| 906 |
_a7 _bcbc _corignew _d2 _eepcn _f20 _gy-gencatlg |
||
| 942 |
_2lcc _cIB _kIB |
||
| 999 |
_c2165 _d2165 |
||